| 000 | 00577nam a2200229Ia 4500 | ||
|---|---|---|---|
| 005 | 20250425162356.0 | ||
| 008 | 250425s9999 xx 000 0 und d | ||
| 020 | _a9780073381206 | ||
| 041 | _aeng | ||
| 082 | _a658.4 | ||
| 100 | _aLEWICKI, ROY J. | ||
| 245 | 0 | _aNEGOTIATION | |
| 250 | _a6TH ED. | ||
| 260 |
_aBOSTON _bMCGRAW-HILL |
||
| 260 |
_aEstados Unidos _bESPAE: ESCUELA DE POSGRADO EN ADM. DE EMPRESAS _c2010 |
||
| 300 | _a632 | ||
| 650 | _aETICA DE LOS NEGOCIOS | ||
| 650 | _aNEGOCIACION | ||
| 710 | _aMCGRAW-HILL, INC. | ||
| 942 | _c01 | ||
| 010 | _a67071 | ||
| 999 |
_c227961 _d227961 |
||